BEYOND THE BITTER DAYS: SHORT STORIES THAT ECHO LIFE REALITIES (Record no. 9123)
[ view plain ]
| 000 -LEADER | |
|---|---|
| fixed length control field | 00451nam a22001337a 4500 |
| 082 ## - DEWEY DECIMAL CLASSIFICATION NUMBER | |
| Classification number | 823 |
| Item number | DEV/B |
| 100 ## - MAIN ENTRY--AUTHOR NAME | |
| Personal name | DEVASSIA, MANU |
| 245 ## - TITLE STATEMENT | |
| Title | BEYOND THE BITTER DAYS: SHORT STORIES THAT ECHO LIFE REALITIES |
| 246 ## - VARYING FORM OF TITLE | |
| Title proper/short title | BEYOND THE BITTER DAYS: SHORT STORIES THAT ECHO LIFE REALITIES |
| Remainder of title | BEYOND THE BITTER DAYS: SHORT STORIES THAT ECHO LIFE REALITIES |
| 260 ## - PUBLICATION, DISTRIBUTION, ETC. (IMPRINT) | |
| Place of publication | HARYANA |
| Name of publisher | WRITERS NEST |
| Year of publication | 2025 |
| 300 ## - PHYSICAL DESCRIPTION | |
| Number of Pages | 114 |
| 650 ## - SUBJECT ADDED ENTRY--TOPICAL TERM | |
| Topical Term | ENGLISH STORIES |
| 942 ## - ADDED ENTRY ELEMENTS (KOHA) | |
| Koha item type | Books |
| Withdrawn status | Lost status | Collection code | Home library | Current library | Date acquired | Source of acquisition | Cost, normal purchase price | Full call number | Accession Number | Koha item type |
|---|---|---|---|---|---|---|---|---|---|---|
| ENGLISH FICTION | Main Library | Main Library | 20/06/2025 | COTRIBUTION | 200.00 | 823 DEV/B | 13832 | Books |